LEADER 00963nam0-22003131i-450- 001 990001325870403321 010 $a0-471-92079-7 035 $a000132587 035 $aFED01000132587 035 $a(Aleph)000132587FED01 035 $a000132587 100 $a20000920d1988----km-y0itay50------ba 101 0 $aeng 200 1 $aFinite elements approximation for optimal shape design$eTheory and Applications$fJ. Haslinger, P. Neittaanmaki. 210 $aChichester (UK)$cJohn Wiley$dc1988. 215 $axii, 335 p.$cill.$d24 cm 610 0 $aDesign e progettazione 610 0 $aOttimizzazione matematica 676 $a620 700 1$aHaslinger,$bJ.$058886 702 1$aNeittaanmäki,$bPekka$f<1951- > 801 0$aIT$bUNINA$gRICA$2UNIMARC 901 $aBK 912 $a990001325870403321 952 $a124-F-9$b11740$fMA1 959 $aMA1 996 $aFinite elements approximation for optimal shape design$9376228 997 $aUNINA DB $aING01 LEADER 04974nam 2200769 a 450 001 9910458975303321 005 20200520144314.0 010 $a1-282-60615-8 010 $a9786612606151 010 $a90-474-4063-3 024 7 $a10.1163/ej.9789004178281.i-310 035 $a(CKB)2670000000009770 035 $a(EBL)489320 035 $a(OCoLC)607555110 035 $a(SSID)ssj0000361213 035 $a(PQKBManifestationID)11272791 035 $a(PQKBTitleCode)TC0000361213 035 $a(PQKBWorkID)10352570 035 $a(PQKB)10521167 035 $a(MiAaPQ)EBC489320 035 $a(OCoLC)424454900 035 $a(nllekb)BRILL9789047440635 035 $a(PPN)174545207 035 $a(Au-PeEL)EBL489320 035 $a(CaPaEBR)ebr10372729 035 $a(CaONFJC)MIL260615 035 $a(EXLCZ)992670000000009770 100 $a20090709d2009 uy 0 101 0 $aeng 135 $aur|n|---||||| 181 $ctxt$2rdacontent 182 $cc$2rdamedia 183 $acr$2rdacarrier 200 00$aHoly nations and global identities$b[electronic resource] $ecivil religion, nationalism, and globalisation /$fedited by Annika Hvithamar, Margit Warburg and Brian Arly Jacobsen 210 $aLeiden ;$aBoston $cBrill$d2009 215 $a1 online resource (316 p.) 225 1 $aInternational studies in religion and society,$x1573-4293 ;$vv. 10 300 $aDescription based upon print version of record. 311 $a90-04-17828-7 320 $aIncludes bibliographical references and index. 327 $tPreliminary Materials /$rHvithamar , M. Warburg and B. A. Jacobsen --$tIntroducing Civil Religion, Nationalism And Globalisation /$rAnnika Hvithamar and Margit Warburg --$tChapter One. Hierarchy And Covenant In The Formation Of Nations /$rAnthony D. Smith --$tChapter Two. Durkheim?S Political Sociology. Civil Religion, Nationalism And Globalisation /$rMarcela Cristi --$tChapter Three. American Civil Religion As State-Mythology /$rNiels Reeh --$tChapter Four. Nationalism And Civil Religion. What Is The Difference? /$rAnnika Hvithamar --$tChapter Five. Nationalism And Religion: The Case Of Japanese Nationalism And State Shinto /$rAtsuko Ichijo --$tChapter Six. Dominion Of The Gods: Religious Continuity And Change In A Canadian Context /$rRoger O?Toole --$tChapter Seven. Civil Religion In The Danish Parliament /$rBrian Arly Jacobsen --$tChapter Eight. Scandinavian Folk Churches, Chauvinism And Xenophobia /$rPål Ketil Botvar --$tChapter Nine. Civil Religion In An Age Of Changing Churches And Societies. A Look At The Nordic Situation /$rPål Repstad --$tChapter Ten. Operationalising The Concept Of Civil Religion: Cross-Cultural Findings From Bosnia And Herzegovina, Serbia, Slovenia And The United States Of America /$rSergej Flere --$tChapter Eleven. In And Out Of Place: Varieties Of Religious Locations In A Globalising World /$rEileen Barker --$tChapter Twelve. Nationalism As Civil Religion And Rituals Of Belonging Before And After The Global Turn /$rUlf Hedetoft --$tChapter Thirteen. Transnational Civil Religion: The Fourth Of July In Denmark /$rMargit Warburg --$tContributors /$rHvithamar , M. Warburg and B. A. Jacobsen --$tIndex /$rHvithamar , M. Warburg and B. A. Jacobsen. 330 $aAlong with the processes of globalisation and the end of the cold war we have seen an upsurge in religious nationalism and an increasing focus on the role of religion as a legitimising force in democratic secular states. Holy Nations andamp; Global Identities draws on the combined theoretical and historical insight of historians, political scientists and social scientists on the question of nationalism and globalisation with the methodological knowledge of religion presented by sociologists of religion. The book brings genuine theoretical explorations and original case studies on civil religion, nationalism and globalization. It also provides an introduction to the research history of the fields and aims to develop and elaborate on the theories and methodology of the investigated subjects. 410 0$aInternational studies in religion and society ;$v10. 606 $aCivil religion 606 $aNationalism 606 $aNationalism$xReligious aspects 606 $aReligion and state 606 $aGlobalization 606 $aGlobalization$xReligious aspects 608 $aElectronic books. 615 0$aCivil religion. 615 0$aNationalism. 615 0$aNationalism$xReligious aspects. 615 0$aReligion and state. 615 0$aGlobalization. 615 0$aGlobalization$xReligious aspects. 676 $a322/.1 701 $aHvithamar$b Annika$0892224 701 $aWarburg$b Margit$0892225 701 $aJacobsen$b Brian Arly$f1968-$0892226 801 0$bMiAaPQ 801 1$bMiAaPQ 801 2$bMiAaPQ 906 $aBOOK 912 $a9910458975303321 996 $aHoly nations and global identities$91992407 997 $aUNINA LEADER 03188nam 22006492 450 001 9910453637903321 005 20160115114341.0 010 $a1-139-89206-1 010 $a1-107-46067-0 010 $a1-107-45899-4 010 $a1-107-56233-3 010 $a1-107-46478-1 010 $a1-107-47187-7 010 $a1-107-46824-8 010 $a1-139-09431-9 010 $a1-107-47291-1 035 $a(CKB)2550000001138805 035 $a(EBL)1543544 035 $a(OCoLC)862614146 035 $a(SSID)ssj0000999550 035 $a(PQKBManifestationID)12346503 035 $a(PQKBTitleCode)TC0000999550 035 $a(PQKBWorkID)10933256 035 $a(PQKB)11468431 035 $a(UkCbUP)CR9781139094313 035 $a(MiAaPQ)EBC1543544 035 $a(Au-PeEL)EBL1543544 035 $a(CaPaEBR)ebr10774111 035 $a(CaONFJC)MIL538475 035 $a(EXLCZ)992550000001138805 100 $a20131007d2013|||| uy| 0 101 0 $aeng 135 $aur||||||||||| 181 $ctxt$2rdacontent 182 $cc$2rdamedia 183 $acr$2rdacarrier 200 14$aThe psychology of contemporary art /$fGregory Minissale$b[electronic resource] 210 1$aNew York :$cCambridge University Press,$d2013. 215 $a1 online resource (xxxv, 372 pages) $cdigital, PDF file(s) 300 $aTitle from publisher's bibliographic system (viewed on 14 Jan 2016). 311 $a1-107-01932-X 311 $a1-306-07224-7 320 $aIncludes bibliographical references and index. 327 $aMachine generated contents note: 1. Introduction; 2. Brain; 3. Body; 4. World. 330 $aWhile recent studies in neuroscience and psychology have shed light on our sensory and perceptual experiences of art, they have yet to explain how contemporary art downplays perceptual responses and, instead, encourages conceptual thought. The Psychology of Contemporary Art brings together the most important developments in recent scientific research on visual perception and cognition and applies the results of empirical experiments to analyses of contemporary artworks not normally addressed by psychological studies. The author explains, in simple terms, how neuroaesthetics, embodiment, metaphor, conceptual blending, situated cognition and extended mind offer fresh perspectives on specific contemporary artworks - including those of Marina Abramovic?, Francis Aly?s, Martin Creed, Tracey Emin, Felix Gonzales-Torres, Marcus Harvey, Mona Hatoum, Thomas Hirschorn, Gabriel Orozco, Marc Quinn and Cindy Sherman. This book will appeal to psychologists, cognitive scientists, artists and art historians, as well as those interested in a deeper understanding of contemporary art. 606 $aArt, Modern$y20th century$xPsychological aspects 606 $aArt, Modern$y21st century$xPsychological aspects 615 0$aArt, Modern$xPsychological aspects. 615 0$aArt, Modern$xPsychological aspects. 676 $a701/.1 700 $aMinissale$b Gregory$0957144 801 0$bUkCbUP 801 1$bUkCbUP 906 $aBOOK 912 $a9910453637903321 996 $aThe psychology of contemporary art$92467965 997 $aUNINA LEADER 02700nam 2200577 a 450 001 9910457539203321 005 20200520144314.0 010 $a1-283-43375-3 010 $a9786613433756 010 $a981-4343-70-6 035 $a(CKB)2550000000078930 035 $a(EBL)840672 035 $a(OCoLC)858228278 035 $a(SSID)ssj0000573277 035 $a(PQKBManifestationID)12201794 035 $a(PQKBTitleCode)TC0000573277 035 $a(PQKBWorkID)10542479 035 $a(PQKB)11309426 035 $a(MiAaPQ)EBC840672 035 $a(WSP)00008122 035 $a(Au-PeEL)EBL840672 035 $a(CaPaEBR)ebr10524598 035 $a(CaONFJC)MIL343375 035 $a(EXLCZ)992550000000078930 100 $a20111121d2011 uy 0 101 0 $aeng 135 $aur|n|---||||| 181 $ctxt 182 $cc 183 $acr 200 00$aManual of gynecologic oncology$b[electronic resource] /$feditors, Christina S. Chu, Stephen C. Rubin 210 $aSingapore ;$aHackensack, N.J. $cWorld Scientific$dc2011 215 $a1 online resource (363 p.) 300 $aDescription based upon print version of record. 311 $a981-4343-69-2 320 $aIncludes bibliographical references and index. 327 $aChemotherapy in gynecologic malignancies -- Radiation therapy for gynecologic malignancies -- Preinvasive disease of the lower genital tract -- Vulvar cancer -- Vaginal cancer -- Cervical cancer -- Endometrial cancer -- Uterine sarcoma -- Epithelial ovarian and fallopian tube carcinoma -- Sex cord-stromal and germ cell tumors of the ovary -- Gestational trophoblastic disease and molar pregnancy -- Oncologic emergencies -- Supportive care. 330 $aThis invaluable manual provides a practical overview of the field of gynecologic oncology. Focusing on clinical aspects of the specialty, it provides hands-on guidance for those caring for patients with ovarian, cervical, uterine, and lower genital tract cancers. It describes the current epidemiology, pathophysiology, presentation, diagnosis, and multimodality management of the most common gynecologic malignancies. Chapters are also devoted to radiation and chemotherapy, as well as symptom management. The book is designed for quick reference. 606 $aGenerative organs, Female$xCancer 608 $aElectronic books. 615 0$aGenerative organs, Female$xCancer. 676 $a616.99/465 701 $aChu$b Christina S$0954921 701 $aRubin$b Stephen C$0954922 801 0$bMiAaPQ 801 1$bMiAaPQ 801 2$bMiAaPQ 906 $aBOOK 912 $a9910457539203321 996 $aManual of gynecologic oncology$92159778 997 $aUNINA LEADER 01546nam 2200313Ia 450 001 996389534603316 005 20200824132625.0 035 $a(CKB)4940000000095673 035 $a(EEBO)2264213890 035 $a(OCoLC)ocm8185417e 035 $a(OCoLC)8185417 035 $a(EXLCZ)994940000000095673 100 $a19820223d1642 uy | 101 0 $aeng 135 $aurbn||||a|bb| 200 12$aA plea for defensive arms, or, A copy of a letter written by Mr. Stephen Marshall to a friend of his in the city$b[electronic resource] $efor the necessary vindication of himself and his ministerie against that altogether groundlesse ... aspersion cast upon him by certain malignants in the city, and lately printed at Oxford, in their Mendacium aulicum, otherwise called Mercurius aulicus ... in which letter the accusation is fully answered, and ... the lawfulnesse of the Parliament taking up defensive arms is briefly, and learnedly asserted and demonstrated .. 210 $aLondon $cPrinted for Samuel Gellibrand$d1642 215 $a30 p 300 $aReproduction of original in the Union Theological Seminary Library, New York. 330 $aeebo-0160 607 $aGreat Britain$xPolitics and government$y1625-1649 700 $aMarshall$b Stephen$f1594?-1655.$01001459 801 0$bEEU 801 1$bEEU 801 2$bWaOLN 906 $aBOOK 912 $a996389534603316 996 $aA plea for defensive arms, or, A copy of a letter written by Mr. Stephen Marshall to a friend of his in the city$92363564 997 $aUNISA LEADER 01225nam a2200313 i 4500 001 991003554739707536 005 20021217152119.0 008 001117s1998 uk a b 001 0 eng d 020 $a052145705X 035 $ab11830001-39ule_inst 035 $aLE00302983$9ExL 040 $aDip.to Biologia$beng 082 0 $a591.5$222 100 1 $aBart, Jonathan$0531545 245 10$aSampling and statistical methods for behavioral ecologists /$cJonathan Bart, Michael A. Fligner, and William I. Notz 250 $a1. ed. 260 3 $aCambridge ; New York :$bCambridge University Press,$c1998 300 $axii, 330 p. :$bill. ;$c24 cm 500 $aIncludes bibliographical references (p. 320-327) and index 650 0$aAnimal behavior$xStatistical methods 650 0$aSampling (Statistics) 700 1 $aFligner, Michael A. 700 1 $aNotz, William I. 907 $a.b11830001$b12-09-11$c18-12-02 912 $a991003554739707536 945 $aLE003 591.5 BAR02.01 (1998)$g1$i2003000025019$lle003$o-$pE0.00$q-$rl$s- $t0$u0$v0$w0$x0$y.i12080640$z18-12-02 996 $aSampling and statistical methods for behavioral ecologists$9898262 997 $aUNISALENTO 998 $ale003$b01-01-00$cm$da $e-$feng$guk $h0$i1 LEADER 03183nam a2200409Ii 4500 001 991003254089707536 006 m d 007 cr cn||||||||| 008 070806s2002 mauaf sb 001 0 eng d 020 $a9781928994671 020 $a1928994679 035 $ab13656089-39ule_inst 037 $a101119:100815$bElsevier Science & Technology$nhttp://www.sciencedirect.com 040 $aOPELS$cOPELS 049 $aTEFA 082 04$a629.892$222 100 1 $aFerrari, Mario.$071042 245 10$aBuilding robots with Lego Mindstorms$h[electronic resource] :$bthe ultimate tool for Mindstorms maniacs! /$cMario Ferrari, Giulio Ferrari ; Ralph Hempel, technical editor. 260 $aRockland, MA :$bSyngress Pub.,$cc2002. 300 $axxxii, 614 p., [8] p. of plates :$bill. (some col.) ;$c24 cm. 504 $aIncludes bibliographical references (p. 548-549) and index. 520 $aLego robots! Mindstorms are sweeping the world and fans need to learn how to programme them Lego Mindstorms are a new generation of Lego Robots that can be manipulated using microcomputers, light and touch sensors, an infrared transmitter and CD-ROMs. Since Lego launched Lego Mindstorms in late 1998 sales have skyrocketed - with no sign of slowing down. Mindstorms have captured the imagination of adults and children alike, creating a subculture of Mindstorm enthusiasts around the world. The kits are now a staple part of engineering and computer science classes at many high profile Universities. Building Robots with Lego Mindstorms provides readers with a fundamental understanding of the geometry, electronics, engineering, and programming required to build your own robots. Mario and Giulio Ferrari are world-renowned experts in the field of Lego Mindstorms robotics, and in this book they share their unrivaled knowledge and expertise of robotics as well as provide a series of chapters detailing how to design and build the most exotic robots. Mario and Giulio also give detailed explanations of how to integrate Lego Mindstorms kits with other Lego programmable bricks such asScout and Cybermaster, as well as with non-robotic Lego Technics models. 533 $aElectronic reproduction.$bAmsterdam :$cElsevier Science & Technology,$d2007.$nMode of access: World Wide Web.$nSystem requirements: Web browser.$nTitle from title screen (viewed on Aug. 2, 2007).$nAccess may be restricted to users at subscribing institutions. 650 0$aRobots$xDesign and construction. 650 0$aLEGO toys. 650 0$aComputer programming. 655 7$aElectronic books.$2local 700 1 $aFerrari, Giulio.$eauthor$4http://id.loc.gov/vocabulary/relators/aut$0331582 700 1 $aHempel, Ralph. 776 1 $cOriginal$z1928994679$z9781928994671$w(OCoLC)51850728 856 40$3Referex$uhttp://www.sciencedirect.com/science/book/9781928994671$zAn electronic book accessible through the World Wide Web; click for information 907 $a.b13656089$b24-02-22$c24-01-08 912 $a991003254089707536 994 $aC0$bTEF 996 $aBuilding robots with Lego Mindstorms$91464014 997 $aUNISALENTO 998 $ale029$b24-01-08$cm$dm $e-$feng$gmau$h0$i0 LEADER 01196nam a22002771i 4500 001 991000297029707536 005 20040806115449.0 008 040920s1994 it ita 020 $a9788832483109 035 $ab13201694-39ule_inst 035 $aARCHE-114793$9ExL 040 $aSet. Economia$bita$cA.t.i. Arché s.c.r.l. Pandora Sicilia s.r.l. 082 04$a343.4505 100 1 $aPiazza, Marco$0116285 245 10$aGuida alla fiscalitā internazionale :$btassazione dei redditi prodotti in Italia e all'estero : aspetti civilistici, comunitari e valutari, convenzioni contro le doppie imposizioni /$cMarco Piazza 250 $a5. ed 260 $aMilano :$bPirola,$c1994 300 $aXVI, 636 p. ;$c24 cm 650 4$aCittadini non residenti$xTributi$xLegislazione 650 4$aRedditi prodotti all'estero$xTributi$xLegislazione 907 $a.b13201694$b25-06-19$c23-09-04 912 $a991000297029707536 945 $aLE025 ECO 343 PIA01.01$g1$i2025000167872$lle025$nCatalogato 2019$o-$pE0.00$q-$rl$s- $t0$u1$v0$w1$x0$y.i13856352$z23-09-04 996 $aGuida alla fiscalitā internazionale$9418357 997 $aUNISALENTO 998 $ale025$b23-09-04$cm$da $e-$fita$git $h0$i1